Oracle networking / (Record no. 132986)

MARC details
000 -LEADER
fixed length control field 00726nam a22002537a 4500
003 - CONTROL NUMBER IDENTIFIER
control field 0
005 - DATE AND TIME OF LATEST TRANSACTION
control field 20180730121215.0
008 - FIXED-LENGTH DATA ELEMENTS--GENERAL INFORMATION
fixed length control field 0
010 ## - LIBRARY OF CONGRESS CONTROL NUMBER
LC control number A-904715
020 ## - INTERNATIONAL STANDARD BOOK NUMBER
Terms of availability 00.00
International Standard Book Number 0074631357
035 ## - SYSTEM CONTROL NUMBER
System control number A-904715, A-904716
037 ## - SOURCE OF ACQUISITION
Source of stock number/acquisition Cen Lib/Ret
040 ## - CATALOGING SOURCE
Original cataloging agency DPL
Language of cataloging EN
Transcribing agency 0
082 ## - DEWEY DECIMAL CLASSIFICATION NUMBER
Classification number 005.7565
Item number TOL
100 ## - MAIN ENTRY--PERSONAL NAME
Personal name Toledo, Hugo
9 (RLIN) 36408
245 ## - TITLE STATEMENT
Title Oracle networking /
Statement of responsibility, etc by Hugo Toledo
260 ## - PUBLICATION, DISTRIBUTION, ETC. (IMPRINT)
Place of publication, distribution, etc New Delhi
Name of publisher, distributor, etc Tata McGraw hill Publishing Company
Date of publication, distribution, etc 1996
270 ## - ADDRESS
Address 4/12 asaf ali road
City New Delhi
Postal code 110002
300 ## - PHYSICAL DESCRIPTION
Extent xxxvii, 364p.
Dimensions 23cm(Hb)
500 ## - GENERAL NOTE
General note Includes index
650 ## - SUBJECT ADDED ENTRY--TOPICAL TERM
Topical term or geographic name as entry element Computer science
9 (RLIN) 36409
650 ## - SUBJECT ADDED ENTRY--TOPICAL TERM
Topical term or geographic name as entry element Programming language
9 (RLIN) 36410
942 ## - ADDED ENTRY ELEMENTS (KOHA)
Source of classification or shelving scheme Dewey Decimal Classification
Koha item type English Books
Classification part 005.7565
Call number suffix TOL
Holdings
Withdrawn status Lost status Damaged status Not for loan Home library Current library Date acquired Source of acquisition Cost, normal purchase price Total Checkouts Full call number Barcode Date last seen Copy number Cost, replacement price Price effective from Koha item type Source of classification or shelving scheme Collection code
        Central Library Central Library 24/07/2015 Cen Lib/Ret 0.00   005.7565 TOL A-904715 24/07/2015 1 0.00 24/07/2015 English Books    
        Patel Nagar Patel Nagar 30/07/2018 BPPD/PUB 0.00   005.7565 TOL A-904716 30/07/2018   0.00 30/07/2018 English Books Dewey Decimal Classification Non-fiction

© Delhi Public Library
Hit Counter
free hit counter